| 000 -LEADER |
| fixed length control field |
01025nam a2200229Ia 4500 |
| 001 - CONTROL NUMBER |
| control field |
18050 |
| 003 - CONTROL NUMBER IDENTIFIER |
| control field |
GE_BSU |
| 008 - FIXED-LENGTH DATA ELEMENTS--GENERAL INFORMATION |
| fixed length control field |
181216s||||||||xx |||||||||||||| ||und|| |
| 040 ## - CATALOGING SOURCE |
| Transcribing agency |
GE_BSU |
| 080 ## - UNIVERSAL DECIMAL CLASSIFICATION NUMBER |
| Universal Decimal Classification number |
81'1(063) |
| 245 ## - TITLE STATEMENT |
| Title |
ენათმეცნიერების ინსტიტუტის შრომები I |
| 245 ## - TITLE STATEMENT |
| Remainder of title |
აღმოსავლურ ენათა სერია |
| 245 ## - TITLE STATEMENT |
| Statement of responsibility, etc. |
რედ. გ. წერეთელი |
| 250 ## - EDITION STATEMENT |
| Edition statement |
საქ. სსრ მეცნ. აკად. |
| 260 ## - PUBLICATION, DISTRIBUTION, ETC. |
| Place of publication, distribution, etc. |
თბილისი |
| 260 ## - PUBLICATION, DISTRIBUTION, ETC. |
| Name of publisher, distributor, etc. |
საქ. სსრ მეცნ. აკადემიის გამ-ბა |
| 260 ## - PUBLICATION, DISTRIBUTION, ETC. |
| Date of publication, distribution, etc. |
1954 |
| 300 ## - PHYSICAL DESCRIPTION |
| Extent |
332გვ.25სმ. |
| 520 ## - SUMMARY, ETC. |
| Summary, etc. |
თავფურც. და ტექსტი პარალ. ქართ., რუს. ენებზე. ტექსტის ბოლოს რეზ. რუს. |
| 653 ## - INDEX TERM--UNCONTROLLED |
| Uncontrolled term |
ენათმეცნიერების ინსტიტუტის შრომები |
| 942 ## - ADDED ENTRY ELEMENTS (KOHA) |
| Koha item type |
წიგნი |